<?xml version="1.0" encoding="UTF-8"?>
<record
    xmlns:xsi="http://www.w3.org/2001/XMLSchema-instance"
    xsi:schemaLocation="http://www.loc.gov/MARC21/slim http://www.loc.gov/standards/marcxml/schema/MARC21slim.xsd"
    xmlns="http://www.loc.gov/MARC21/slim">

  <leader>00759cas a2200205 a 4500</leader>
  <datafield tag="022" ind1=" " ind2=" ">
    <subfield code="a">1435-1935</subfield>
  </datafield>
  <datafield tag="040" ind1=" " ind2=" ">
    <subfield code="c">NcD</subfield>
  </datafield>
  <datafield tag="082" ind1="0" ind2="4">
    <subfield code="a">590 WIL 2007 A081 Or.</subfield>
  </datafield>
  <datafield tag="245" ind1="0" ind2="0">
    <subfield code="a">Mitteilungen aus dem Museum f&#xFC;r Naturkunde in Berlin.</subfield>
  </datafield>
  <datafield tag="246" ind1="3" ind2="0">
    <subfield code="a">Zoologische Reihe</subfield>
  </datafield>
  <datafield tag="246" ind1="1" ind2=" ">
    <subfield code="a">Bulletin of the Berlin Museum of Natural History.</subfield>
  </datafield>
  <datafield tag="246" ind1="3" ind2="0">
    <subfield code="a">Zoological series</subfield>
  </datafield>
  <datafield tag="260" ind1=" " ind2=" ">
    <subfield code="a">Berlin :</subfield>
    <subfield code="b">Wiley-VCH ;</subfield>
    <subfield code="a">Somerset, N.J. :</subfield>
    <subfield code="b">J. Wiley [distributor],</subfield>
    <subfield code="c">c1998-2007.</subfield>
  </datafield>
  <datafield tag="300" ind1=" " ind2=" ">
    <subfield code="a">v. :</subfield>
    <subfield code="b">ill., maps ;</subfield>
    <subfield code="c">30 cm.</subfield>
  </datafield>
  <datafield tag="500" ind1=" " ind2=" ">
    <subfield code="a">Published: Berlin : Wiley-VCH ; Somerset, N.J. : J. Wiley [distributor], 1998- ; published: Weinheim : Wiley-VCH Verlag GmbH &amp; Co. KGaA, &lt;2005-&gt;</subfield>
  </datafield>
  <datafield tag="650" ind1=" " ind2="0">
    <subfield code="a">Zoology</subfield>
  </datafield>
  <datafield tag="650" ind1=" " ind2="7">
    <subfield code="a">Zoology.</subfield>
  </datafield>
  <datafield tag="710" ind1="2" ind2=" ">
    <subfield code="a">Humboldt-Universit&#xE4;t zu Berlin.</subfield>
  </datafield>
  <datafield tag="942" ind1=" " ind2=" ">
    <subfield code="c">EK</subfield>
  </datafield>
  <datafield tag="999" ind1=" " ind2=" ">
    <subfield code="c">15861</subfield>
    <subfield code="d">15861</subfield>
  </datafield>
  <datafield tag="952" ind1=" " ind2=" ">
    <subfield code="0">0</subfield>
    <subfield code="1">0</subfield>
    <subfield code="4">0</subfield>
    <subfield code="6">590_000000000000000_WIL_2007_A081_OR</subfield>
    <subfield code="7">0</subfield>
    <subfield code="9">69608</subfield>
    <subfield code="a">LBA</subfield>
    <subfield code="b">LBA</subfield>
    <subfield code="c">A081</subfield>
    <subfield code="d">2017-12-13</subfield>
    <subfield code="o">590 WIL 2007 A081 Or.</subfield>
    <subfield code="p">A12169</subfield>
    <subfield code="r">2017-12-13</subfield>
    <subfield code="y">EK</subfield>
  </datafield>
</record>
